000 00382cam a2200157ua 4500
041 _aeng
_h
082 _a823.308
_bDIC/OL
100 _aDickens, Charles.
245 _aOliver Twist /
_cCharles Dickens.
_hTextual Documents
250 _a1 /
_b.
260 _aLondon :
_bOxford University Press ,
_c1962.
300 _a120 ; .
504 _a
942 _cBK
999 _c7891
_d7891